Logo BPK

Biblioteka

Politechniki Koszalińskiej

Procedury i algoritmy formirovanija kompleksnych... / (Rekord nr 23290)

Szczegóły MARC
000 -ETYKIETA REKORDU
podpole kontrolne o stałej długości 00417nam a2200157 i 4500
001 - NUMER KONTROLNY REKORDU
pole kontrolne bg
040 ## - ŹRÓDŁO KATALOGOWANIA
Instytucja, która utworzyła rekord BPK
041 ## - KOD JĘZYKA
Kod języka tekstu pol
008 - POLE O STAŁEJ DŁUGOŚCI - DANE KONTROLNE
podpole kontrolne o stałej długości s pl f |000 0 pol
100 1# - NAZWA OSOBOWA
Nazwa osobowa POSPELOV, G.S.
245 #0 - TYTUŁ/ODPOWIEDZIALNOŚĆ
Tytuł Procedury i algoritmy formirovanija kompleksnych... /
Pozostałe elementy strefy tytułu i oznaczenia odpowiedzialności G.S. Pospelov, B.A. Irikov, A.E. Kuriłov.
260 ## - STREFA ADRESU WYDAWNICZEGO
Miejsce wydania Moskva,
Data publikacji, dystrybucji/powstania dokumentu 1985.
700 1# - HASŁO DODATKOWE - NAZWA OSOBOWA
Nazwa osobowa IRIKOV, B.A.
700 1# - HASŁO DODATKOWE - NAZWA OSOBOWA
Nazwa osobowa KURILOV, A.E.
856 ## - LOKALIZACJA I DOSTĘP DO ELEKTRONICZNYCH DOKUMENTÓW ZDALNYCH
Link (URL) http://koha.tu.koszalin.pl/cgi-bin/koha/opac-detail.pl?biblionumber=23290
Tekst linku Katalog online BPK
942 ## - DODATKOWE ELEMENTY (KOHA)
Typ dokumentu Książka
Egzemplarze
Wycofany Status egzemplarza Uszkodzony Dostępność Lokalizacja stała Lokalizacja bieżąca Miejsce przechowywania Sygnatura Kod kreskowy Typ dokumentu
      Dostępny Biblioteka Politechniki Koszalińskiej Biblioteka Politechniki Koszalińskiej Wypożyczalnia BG 33348 01599824 Książka
© 2023 Biblioteka Politechniki Koszalińskiej :: KOHA